Top 10 biggest countries in Africa - Statistics

General Stats
  • This quiz has been taken 44 times
  • The average score is 9 of 10
Answer Stats
Country % Correct
Algeria
100%
Libya
100%
Chad
95%
Democratic Republic of the Congo
95%
South africa
95%
Sudan
95%
Niger
92%
Mali
89%
Ethiopia
87%
Angola
82%
No matching quizzes found
Score Distribution
Percent of People with Each Score
Percentile by Number Answered
Your Score History
You have not taken this quiz